<?xml version="1.0" encoding="UTF-8"?>
<record
    xmlns:xsi="http://www.w3.org/2001/XMLSchema-instance"
    xsi:schemaLocation="http://www.loc.gov/MARC21/slim http://www.loc.gov/standards/marcxml/schema/MARC21slim.xsd"
    xmlns="http://www.loc.gov/MARC21/slim">

  <leader>01131cam a22003255a 4500</leader>
  <controlfield tag="001">rea00034925 </controlfield>
  <controlfield tag="005">20190704022702.0</controlfield>
  <controlfield tag="008">      s1996    nyu    e      000 0 eng  </controlfield>
  <datafield tag="010" ind1=" " ind2=" ">
    <subfield code="a">   96067734 </subfield>
  </datafield>
  <datafield tag="020" ind1=" " ind2=" ">
    <subfield code="a">0419215905</subfield>
  </datafield>
  <datafield tag="020" ind1=" " ind2=" ">
    <subfield code="a">0419216006 (pbk.)</subfield>
  </datafield>
  <datafield tag="035" ind1=" " ind2=" ">
    <subfield code="9">(DLC)   96067734</subfield>
  </datafield>
  <datafield tag="035" ind1=" " ind2=" ">
    <subfield code="z">92123</subfield>
  </datafield>
  <datafield tag="039" ind1=" " ind2=" ">
    <subfield code="a">42308</subfield>
    <subfield code="c">TLC</subfield>
  </datafield>
  <datafield tag="040" ind1=" " ind2=" ">
    <subfield code="a">DLC</subfield>
    <subfield code="c">DLC</subfield>
    <subfield code="d">DLC</subfield>
  </datafield>
  <datafield tag="245" ind1="0" ind2="0">
    <subfield code="a">Water quality assessments :</subfield>
    <subfield code="b">a guide to the use of biota, sediments and water in environmental monitoring /</subfield>
    <subfield code="c">Deborah Chapman, editor.</subfield>
  </datafield>
  <datafield tag="250" ind1=" " ind2=" ">
    <subfield code="a">2nd ed.</subfield>
  </datafield>
  <datafield tag="260" ind1=" " ind2=" ">
    <subfield code="a">New York :</subfield>
    <subfield code="b">E &amp; FN Spon,</subfield>
    <subfield code="c">1996.</subfield>
  </datafield>
  <datafield tag="300" ind1=" " ind2=" ">
    <subfield code="a">p. ;</subfield>
    <subfield code="c">cm.</subfield>
  </datafield>
  <datafield tag="856" ind1="4" ind2="2">
    <subfield code="3">Publisher description</subfield>
    <subfield code="u">http://www.loc.gov/catdir/enhancements/fy0651/96067734-d.html</subfield>
  </datafield>
  <datafield tag="906" ind1=" " ind2=" ">
    <subfield code="a">0</subfield>
    <subfield code="b">ibc</subfield>
    <subfield code="c">orignew</subfield>
    <subfield code="d">2</subfield>
    <subfield code="e">opcn</subfield>
    <subfield code="f">19</subfield>
    <subfield code="g">y-gencatlg</subfield>
  </datafield>
  <datafield tag="922" ind1=" " ind2=" ">
    <subfield code="a">ad</subfield>
  </datafield>
  <datafield tag="949" ind1=" " ind2=" ">
    <subfield code="a">BMAIN</subfield>
    <subfield code="c">TD367</subfield>
    <subfield code="d">.W376 1996</subfield>
    <subfield code="g">63608</subfield>
    <subfield code="5">N</subfield>
  </datafield>
  <datafield tag="949" ind1=" " ind2=" ">
    <subfield code="a">BMAIN</subfield>
    <subfield code="c">TD367</subfield>
    <subfield code="d">.W376 1996</subfield>
    <subfield code="g">63609</subfield>
    <subfield code="5">N</subfield>
  </datafield>
  <datafield tag="961" ind1=" " ind2=" ">
    <subfield code="t">1</subfield>
  </datafield>
  <datafield tag="963" ind1=" " ind2=" ">
    <subfield code="a">James Rabson (no phone #) Chapman &amp; Hall, 2-6 Boundary Row, London SE1 8HN</subfield>
  </datafield>
  <datafield tag="999" ind1=" " ind2=" ">
    <subfield code="c">26487</subfield>
    <subfield code="d">26487</subfield>
  </datafield>
  <datafield tag="952" ind1=" " ind2=" ">
    <subfield code="0">0</subfield>
    <subfield code="1">0</subfield>
    <subfield code="2">lcc</subfield>
    <subfield code="4">0</subfield>
    <subfield code="7">0</subfield>
    <subfield code="a">UEAB</subfield>
    <subfield code="b">MCL</subfield>
    <subfield code="c">MS</subfield>
    <subfield code="d">2019-06-18</subfield>
    <subfield code="l">0</subfield>
    <subfield code="o">TD 367 .W376</subfield>
    <subfield code="p">63608</subfield>
    <subfield code="r">2019-06-18 00:00:00</subfield>
    <subfield code="t">1</subfield>
    <subfield code="w">2019-06-18</subfield>
    <subfield code="y">BK</subfield>
  </datafield>
  <datafield tag="952" ind1=" " ind2=" ">
    <subfield code="0">0</subfield>
    <subfield code="1">0</subfield>
    <subfield code="2">lcc</subfield>
    <subfield code="4">0</subfield>
    <subfield code="7">0</subfield>
    <subfield code="a">UEAB</subfield>
    <subfield code="b">MCL</subfield>
    <subfield code="c">MS</subfield>
    <subfield code="d">2019-06-18</subfield>
    <subfield code="l">2</subfield>
    <subfield code="o">TD 367 .W376</subfield>
    <subfield code="p">63609</subfield>
    <subfield code="r">2025-04-17 14:49:48</subfield>
    <subfield code="s">2025-04-17</subfield>
    <subfield code="t">2</subfield>
    <subfield code="w">2019-06-18</subfield>
    <subfield code="y">BK</subfield>
  </datafield>
</record>
